NCAA College Teams by State: Minnesota - Statistics

General Stats
  • This quiz has been taken 100 times
  • The average score is 11 of 30
Answer Stats
% Correct
Division I-A Minnesota Golden Gophers
100%
Division II Minnesota State Mavericks
78%
Division I-AA Saint Thomas (MN) Tommies
78%
Division II Minnesota-Duluth Bulldogs
66%
Division II Bemidji State Beavers
53%
Division III Saint John's (MN) Johnnies
51%
Division II Saint Cloud State Huskies
50%
Division III Saint Olaf Oles
44%
Division II Winona State Warriors
43%
Division III Augsburg Auggies
34%
Division III Gustavus Adolphus Golden Gusties
34%
Division III Hamline Pipers
32%
Division II Minnesota-Crookston Golden Eagles
32%
Division II Concordia-Saint Paul Golden Bears
31%
Division III Bethel Royals
29%
Division II Southwest Minnesota State Mustangs
29%
Division III Saint Benedict Bennies
28%
Division III Carleton Knights
26%
Division III Macalester Scots
26%
Division II MSU Moorhead Dragons
25%
Division III Saint Mary's (MN) Cardinals
25%
Division III Concordia-Moorhead Cobbers
24%
Division III Minnesota-Morris Cougars
24%
Division III Northwestern (MN) Eagles
21%
Division III Saint Scholastica Saints
21%
Division III Martin Luther Knights
18%
Division III Crown Polars
16%
Division III Saint Catherine Wildcats
15%
Division III Bethany Lutheran Vikings
9%
Division III North Central Rams
9%
No matching quizzes found
Score Distribution
Percent of People with Each Score
Percentile by Number Answered
Your Score History
You have not taken this quiz